La sociedad hispano medieval: la ciudad

Gardado en:
Detalles Bibliográficos
Main Authors: Carlé, María del Carmen (Author), De Fauve, María E (Author), Ramos, N. B (Author), De Forteza, P (Author), Las Heras, I. J (Author)
Formato: Libro
Idioma:Lingua castelá
Publicado: Barcelona Gedisa 1985
Edición:2a. ed
Subjects:
Tags: Engadir etiqueta
Sen Etiquetas, Sexa o primeiro en etiquetar este rexistro!

MARC

LEADER 00000nam a2200000 a 4500
001 UCW9552
003 CL-VaPUC
008 890511e19850000SP |||||||||||||||||spa|d
082 0 4 |a 946.02  |b CAR  |2 21 
100 |a Carlé, María del Carmen  |e author  |9 314992 
700 0 |a De Fauve, María E  |e author  |9 314849 
700 0 |a Ramos, N. B  |e author  |9 314850 
700 0 |a De Forteza, P  |e author  |9 314851 
700 0 |a Las Heras, I. J  |e author  |9 314852 
245 1 3 |a La sociedad hispano medieval: la ciudad 
250 |a 2a. ed 
300 |a 102 p 
942 |c BK 
945 |d 19890511 00:00:00 
260 |a Barcelona  |b Gedisa  |c 1985 
650 0 |a Ciudades y pueblos  |9 265139 
650 0 |a Edad media  |9 258041 
651 0 |a España  |9 254926 
583 |a last modification  |c 20180403 04:49:46  |k Rodrigo Vera 
999 |c 221489  |d 221487 
952 |0 0  |1 0  |4 0  |6 946_020000000000000_CAR_1985  |7 0  |8 A  |9 214857  |a BIBHIS  |b BIBHIS  |d 2019-11-15  |i 2834472  |o 946.02 CAR 1985  |p 2834472  |r 2025-01-20  |w 2019-11-15  |y BK  |k HIS